|
|
|
|
| LEADER |
00856nam a2200265 4500 |
| 001 |
DLU090076307 |
| 005 |
##20090220 |
| 040 |
# |
# |
|a DLU
|b vie
|
| 041 |
# |
# |
|a vie
|
| 044 |
# |
# |
|a vn
|
| 100 |
# |
# |
|a Nguyễn Văn Oánh,
|c PGS.TS.
|
| 245 |
# |
# |
|a Viện chủ nghĩa xã hội khoa học, 40 năm hình thành và phát triển (9-1964 - 9-2004) Nguyễn Văn Oánh /
|c Nguyễn Văn Oánh.
|
| 653 |
# |
# |
|a Hình thành
|
| 653 |
# |
# |
|a Phát triển
|
| 653 |
# |
# |
|a Viện chủ nghĩa xã hội khoa học
|
| 773 |
# |
# |
|t Tạp chí lịch sử Đảng
|g Số 9(166), 2004, tr. 42-44
|
| 920 |
# |
# |
|a Phòng Tạp chí -- Trung tâm Thông tin - Thư viện Trường Đại học Đà Lạt
|
| 994 |
# |
# |
|a DLU
|
| 900 |
# |
# |
|a True
|
| 911 |
# |
# |
|a Lý Thị Hồng Hạnh
|
| 925 |
# |
# |
|a G
|
| 926 |
# |
# |
|a A
|
| 927 |
# |
# |
|a BB
|
| 980 |
# |
# |
|a Thư viện Trường Đại học Đà Lạt
|